LEADER 02257nam 2200565Ia 450 001 9910208830803321 005 20230705122500.0 010 $a0-470-66650-1 010 $a1-280-74761-7 010 $a9786613677792 010 $a0-470-66651-X 010 $a1-119-95640-4 035 $a(CKB)3880000000024173 035 $a(MiAaPQ)EBC644965 035 $a(MiAaPQ)EBC4041243 035 $a(Au-PeEL)EBL644965 035 $a(CaPaEBR)ebr10446751 035 $a(CaONFJC)MIL367779 035 $a(OCoLC)700706056 035 $a(EXLCZ)993880000000024173 100 $a20100513d2011 uy 0 101 0 $aeng 135 $aurcn||||||||| 181 $2rdacontent 182 $2rdamedia 183 $2rdacarrier 200 10$aComputer processing of remotely-sensed images$b[electronic resource] $ean introduction /$fPaul M. Mather and Magaly Koch 205 $a4th ed. 210 $aChichester, West Sussex, UK ;$aHoboken, NJ $cWiley-Blackwell$d2011 215 $axx, 434 p. $cill 311 $a0-470-74238-0 311 $a0-470-74239-9 320 $aIncludes bibliographical references and index. 327 $aRemote sensing : basic principles -- Remote sensing platforms and sensors -- Hardware and software aspects of digital image processing -- Preprocessing of remotely-sensed data -- Image enhancement techniques -- Image transforms -- Filtering techniques -- Classification -- Advanced topics -- Environmental geographical information systems : a remote sensing perspective -- Appendix A: Accessing MIPS -- Appendix B: Getting started with MIPS -- Appendix C: Description of sample image datasets -- Appendix D: Acronyms and abbreviations. 606 $aImage processing$xDigital techniques 606 $aRemote sensing$xData processing 606 $aRemote-sensing images 615 0$aImage processing$xDigital techniques. 615 0$aRemote sensing$xData processing. 615 0$aRemote-sensing images. 676 $a621.36/78 700 $aMather$b Paul M$031970 701 $aKoch$b Magaly$0447986 801 0$bMiAaPQ 801 1$bMiAaPQ 801 2$bMiAaPQ 906 $aBOOK 912 $a9910208830803321 996 $aComputer processing of remotely-sensed images$9103110 997 $aUNINA LEADER 03610nam 22006855 450 001 9910299287903321 005 20251225202038.0 010 $a981-10-7844-0 024 7 $a10.1007/978-981-10-7844-6 035 $a(CKB)4100000001795011 035 $a(DE-He213)978-981-10-7844-6 035 $a(MiAaPQ)EBC6298737 035 $a(MiAaPQ)EBC5579007 035 $a(Au-PeEL)EBL5579007 035 $a(OCoLC)1019709784 035 $a(PPN)223956104 035 $a(EXLCZ)994100000001795011 100 $a20180102d2018 u| 0 101 0 $aeng 135 $aurnn|008mamaa 181 $ctxt$2rdacontent 182 $cc$2rdamedia 183 $acr$2rdacarrier 200 10$aComputer Engineering and Technology $e21st CCF Conference, NCCET 2017, Xiamen, China, August 16?18, 2017, Revised Selected Papers /$fedited by Weixia Xu, Liquan Xiao, Jinwen Li, Chengyi Zhang, Zhenzhen Zhu 205 $a1st ed. 2018. 210 1$aSingapore :$cSpringer Nature Singapore :$cImprint: Springer,$d2018. 215 $a1 online resource (XII, 143 p. 95 illus.) 225 1 $aCommunications in Computer and Information Science,$x1865-0937 ;$v600 300 $aIncludes index. 311 08$a981-10-7843-2 327 $aA Low TC Voltage Reference Generator Suitable for Low Temperature Applications -- A Java Card Virtual Machine Design Based on Off-card/On-card Co-design Pre-processing -- ACCDSE: A Design Space Exploration Framework for Convolutional Neural Network Accelerator -- A programmable pre-emphasis transmitter for SerDes in 40nm CMOS -- A Radiation-Immune Low-Jitter High-Frequency PLL for SerDes -- A high throughput power-efficient optical memory subsystem for kilo-core processor -- RBPCCM?Relax Blocking Parallel Collective Communication Mechanism Base on Hardware with Scalability -- Experiment and Finite Element Analysis of Stochastic Vibration of Severe Environment Computer. 330 $aThis book constitutes the refereed proceedings of the 21st CCF Conference on Computer Engineering and Technology, NCCET 2017, held in Xiamen, China, in August 2017. The 13 full papers presented were carefully reviewed and selected from 108 submissions. They address topics such as processor architecture; application specific processors; computer application and software optimization; technology on the horizon. 410 0$aCommunications in Computer and Information Science,$x1865-0937 ;$v600 606 $aMicroprocessors 606 $aComputer architecture 606 $aComputers, Special purpose 606 $aComputers 606 $aProcessor Architectures 606 $aSpecial Purpose and Application-Based Systems 606 $aHardware Performance and Reliability 615 0$aMicroprocessors. 615 0$aComputer architecture. 615 0$aComputers, Special purpose. 615 0$aComputers. 615 14$aProcessor Architectures. 615 24$aSpecial Purpose and Application-Based Systems. 615 24$aHardware Performance and Reliability. 676 $a621.39 702 $aXu$b Weixia$4edt$4http://id.loc.gov/vocabulary/relators/edt 702 $aXiao$b Liquan$4edt$4http://id.loc.gov/vocabulary/relators/edt 702 $aLi$b Jinwen$4edt$4http://id.loc.gov/vocabulary/relators/edt 702 $aZhang$b Chengyi$4edt$4http://id.loc.gov/vocabulary/relators/edt 702 $aZhu$b Zhenzhen$4edt$4http://id.loc.gov/vocabulary/relators/edt 801 0$bMiAaPQ 801 1$bMiAaPQ 801 2$bMiAaPQ 906 $aBOOK 912 $a9910299287903321 996 $aComputer Engineering and Technology$91939209 997 $aUNINA